000 01119nam a2200265Ia 4500
003 OSt
005 20221002050310.0
006 a|||||r|||| 00| 0
007 ta
008 220930b |||||||| |||| 00| 0 san d
020 _a9789380326368 (hbk)
_c750
024 _a19711
037 _b422/1, 20/03/2015, Vidyanidhi Prakashan
_cReference Collections
040 _aCRL
_cCRL
_bsan
041 _2san
_asan
082 _aQ25:23, 152Q0.2(RR)
100 _aचतुर्वेदी, राधेश्याम, संपा.
245 0 _aमहाकाल संहिता
_b गुह्यकालीखण्ड
260 _aवाराणसी
_b चौखम्बा सुरभारती प्रकाशन
_c2014
490 _vभाग 2
500 _aचौखम्बा सुरभारती ग्रन्थमाला; 403
650 _aधर्म
942 _hQ25:23, 152Q0.2(RR)
_cref
_2CC
999 _c914327
_d914327